| 000 | 00880cab a22002055a 4500 | ||
|---|---|---|---|
| 001 | L148197 | ||
| 008 | 090818e20090731xxko f s 000 0 eng d | ||
| 035 | _a(Sirsi) u148197 | ||
| 041 | 0 | _aeng | |
| 100 | 1 | _aSandher, Hardeep | |
| 245 | 0 | 0 |
_aSpecial report _btrade counters and self-storage |
| 260 | _c2009 | ||
| 490 | 0 |
_aProperty Week _v75 (31) 31 July 2009, 69-73 (3) |
|
| 520 | _aPresents market news on trade counters and self-storage. Reports on Sheffield City Council's approval of a self-storage and trade counter scheme despite objectors. Highlights the strategies for expansion of self-storage operators. Reveals that low rents and good locations are attracting different occupiers to trade park units. | ||
| 590 | _aKA | ||
| 651 | 4 |
_aUnited Kingdom _y |
|
| 690 | _aPROPERTY-COMMERCIAL PROPERTY-COMMERCIAL PROPERTY MARKET | ||
| 700 | 1 | _aShepherd, Mark | |
| 942 | _n0 | ||
| 999 |
_c81747 _d81747 |
||